00830nam a2200229 i 4500001000700000003000900007005001700016007000300033008004100036020001800077245013800095250001200233260006400245300002200309500007700331650001800408650002300426700003400449710003200483710005300515852003200568146502ES-MaACL20240326131459.0t|070911s1984 sp ||||1| spa d a84-00-05668-X00aTratado de genealogía, heráldica y derecho nobiliario b: lecciones pronunciadas / cpor Vicente de Cadenas y Vicent... [et al.]. a2ª ed. aMadrid : bHidalguía, Instituto Salazar y Castro, c1984. a375 p. ; c26 cm. aSegundo curso de la Escuela de Genealogía, Heráldica y Nobiliária.04aGenealogía.07aHeráldica2embne1 aCadenas y Vicent, Vicente de.2 aInstituto Salazar y Castro.2 aEscuela de Genealogia, Heráldica y Nobiliaria. aES-MaACLjL-9774 bR.110993